000 00344nam a2200121Ia 4500
008 220217s9999||||xx |||||||||||||| ||und||
020 _a9789351441878
100 _aGK publications
245 0 _aGATE: Mechanical engineering 2015
260 _aGK publications
_bNew Delhi
_c2014
300 _a723p.
_b835
650 _aEXAM BOOKS/GRE/CAT/GATE
999 _c185374
_d185374